<?xml version="1.0" encoding="UTF-8"?>
<record
    xmlns:xsi="http://www.w3.org/2001/XMLSchema-instance"
    xsi:schemaLocation="http://www.loc.gov/MARC21/slim http://www.loc.gov/standards/marcxml/schema/MARC21slim.xsd"
    xmlns="http://www.loc.gov/MARC21/slim">

  <leader>00826cam a2200241 i 4500</leader>
  <controlfield tag="001">83863)</controlfield>
  <controlfield tag="003">BD-RjUL</controlfield>
  <controlfield tag="005">20250310130920.0</controlfield>
  <controlfield tag="008">250310s1988    ii       b    001 0 urdo </controlfield>
  <datafield tag="020" ind1=" " ind2=" ">
    <subfield code="c">Rs42.00</subfield>
  </datafield>
  <datafield tag="035" ind1=" " ind2=" ">
    <subfield code="a">(BD-RjUL)83863)</subfield>
  </datafield>
  <datafield tag="040" ind1=" " ind2=" ">
    <subfield code="a">DLC</subfield>
    <subfield code="c">DLC</subfield>
    <subfield code="d">DLC</subfield>
    <subfield code="b">eng</subfield>
  </datafield>
  <datafield tag="041" ind1=" " ind2=" ">
    <subfield code="a">urd</subfield>
  </datafield>
  <datafield tag="082" ind1=" " ind2=" ">
    <subfield code="2">23</subfield>
    <subfield code="a">891.55109</subfield>
    <subfield code="b">ABJ 1988</subfield>
  </datafield>
  <datafield tag="100" ind1="1" ind2=" ">
    <subfield code="a">&#x639;&#x627;&#x628;&#x62F;&#x6CC; &#x60C; &#x633;&#x6CC;&#x62F; &#x645;&#x62D;&#x645;&#x62F; &#x62A;&#x642;&#x6CC; &#x639;&#x644;&#x6CC; ;; Abdi, Syed Muhammad Taqi Ali</subfield>
    <subfield code="d">1924</subfield>
    <subfield code="9">13254</subfield>
  </datafield>
  <datafield tag="245" ind1="1" ind2="0">
    <subfield code="a">:&#x62C;&#x62F;&#x64A;&#x62F; &#x641;&#x627;&#x631;&#x633;&#x649; &#x634;&#x627;&#x639;&#x631;&#x649; / Jad&#x12B;d f&#x101;rs&#x12B; sh&#x101;&#x2BB;ir&#x12B; /</subfield>
    <subfield code="c">:&#x633;&#x6CC;&#x62F; &#x645;&#x62D;&#x645;&#x62F; &#x62A;&#x642;&#x6CC; &#x639;&#x644;&#x6CC; &#x639;&#x627;&#x628;&#x62F;&#x6CC;, - Syed Muhammad Taqi Ali Abidi</subfield>
  </datafield>
  <datafield tag="260" ind1=" " ind2=" ">
    <subfield code="a">Lakhnuw :</subfield>
    <subfield code="b">Nami Press,  </subfield>
    <subfield code="c">1988</subfield>
  </datafield>
  <datafield tag="300" ind1=" " ind2=" ">
    <subfield code="a">236 pages  ;</subfield>
    <subfield code="c">22 cm.</subfield>
  </datafield>
  <datafield tag="500" ind1=" " ind2=" ">
    <subfield code="a">In Urdu.</subfield>
  </datafield>
  <datafield tag="500" ind1=" " ind2=" ">
    <subfield code="a">Includes index.</subfield>
  </datafield>
  <datafield tag="650" ind1=" " ind2="0">
    <subfield code="a">Persian poetry</subfield>
    <subfield code="y">20th century</subfield>
    <subfield code="x">History and criticism.</subfield>
    <subfield code="9">13255</subfield>
  </datafield>
  <datafield tag="942" ind1=" " ind2=" ">
    <subfield code="2">ddc</subfield>
    <subfield code="c">BK</subfield>
  </datafield>
  <datafield tag="999" ind1=" " ind2=" ">
    <subfield code="c">83863</subfield>
    <subfield code="d">83863</subfield>
  </datafield>
  <datafield tag="952" ind1=" " ind2=" ">
    <subfield code="0">0</subfield>
    <subfield code="1">0</subfield>
    <subfield code="2">ddc</subfield>
    <subfield code="4">0</subfield>
    <subfield code="7">1</subfield>
    <subfield code="8">NFIC</subfield>
    <subfield code="a">RUCL</subfield>
    <subfield code="b">RUCL</subfield>
    <subfield code="c">Reading</subfield>
    <subfield code="d">2025-03-10</subfield>
    <subfield code="o">U 891.55109 ABJ 1988</subfield>
    <subfield code="r">2025-03-10 00:00:00</subfield>
    <subfield code="t">C-1</subfield>
    <subfield code="y">BK</subfield>
  </datafield>
</record>
